Catch'em if you can (Record no. 76604)
[ view plain ]
| 000 -LEADER | |
|---|---|
| fixed length control field | 01055cab a2200205 4500 |
| 001 - CONTROL NUMBER | |
| control field | ##L132753 |
| 008 - FIXED-LENGTH DATA ELEMENTS--GENERAL INFORMATION | |
| fixed length control field | 060306n2006 000 0 eng u |
| 035 ## - SYSTEM CONTROL NUMBER | |
| System control number | (Sirsi) u132753 |
| 041 0# - LANGUAGE CODE | |
| Language code of text/sound track or separate title | eng |
| 100 1# - MAIN ENTRY--PERSONAL NAME | |
| Personal name | Rodger, Andrew |
| 245 00 - TITLE STATEMENT | |
| Title | Catch'em if you can |
| 260 ## - PUBLICATION, DISTRIBUTION, ETC. | |
| Date of publication, distribution, etc. | 2006 |
| 490 #0 - SERIES STATEMENT | |
| Series statement | Estates Gazette |
| Volume/sequential designation | (0608) 25 February 2006, 166-167(2) |
| 520 ## - SUMMARY, ETC. | |
| Summary, etc. | Considers what LPA receivers really do. LPA receivers are appointed under the Law of Property Act 1925 by lenders to recover their money secured against a property, money which they have not been able to get back for whatever reason. Discusses why the current market is ripe for increased LPA work: yields cannot reduce any further; in the existing conditions there are many situations where there is actually a surplus to be handed back to the customer, and the impact of the Enterprise Act 2002 is yet to be fully felt. |
| 590 ## - LOCAL NOTE (RLIN) | |
| Local note | IKA140306 |
| 650 24 - SUBJECT ADDED ENTRY--TOPICAL TERM | |
| Topical term or geographic name entry element | LAW OF PROPERTY ACT 1925 |
| 650 24 - SUBJECT ADDED ENTRY--TOPICAL TERM | |
| Topical term or geographic name entry element | ENTERPRISE ACT 2002 |
| 690 ## - LOCAL SUBJECT ADDED ENTRY--TOPICAL TERM (OCLC, RLIN) | |
| Topical term or geographic name as entry element | PROPERTY-PROPERTY FINANCE AND INVESTMENT |
| 942 ## - ADDED ENTRY ELEMENTS (KOHA) | |
| Suppress in OPAC | 0 |
| Withdrawn status | Lost status | Source of classification or shelving scheme | Damaged status | Not for loan | Home library | Current library | Shelving location | Date acquired | Total Checkouts | Full call number | Barcode | Date last seen | Copy number | Price effective from | Koha item type |
|---|---|---|---|---|---|---|---|---|---|---|---|---|---|---|---|
| Dewey Decimal Classification | London | London | Journal article | 06/03/2006 | L132753 | 132753-1001 | 06/08/2019 | 1 | 06/08/2019 | Journal article |